000
00260nam a2200109 a 4500
005
20140414131844.0
008
100524s19uu xx 00 eng d
050
_a
ER
_b
B27 1987
245
_a
Barry's big bread.
260
_c
1987.
_b
World Book,
999
_c
109851
_d
109851